In Your Eyes - The Weeknd Lyrics - Statistics

General Stats
  • This quiz has been taken 308 times
  • The average score is 259 of 293
Answer Stats
Hint Lyrics % Correct
I
100%
you
100%
You
100%
you,
100%
a
99%
eyes
99%
in
99%
In
99%
your
99%
the
97%
Oh,
96%
oh,
96%
oh
96%
so
95%
to
95%
see
94%
inside
93%
know
92%
try
92%
I'm
91%
it
91%
burning
90%
something
90%
that
89%
When
89%
when
89%
always
88%
but
88%
But
88%
don't
88%
look
88%
what
88%
just
87%
say
86%
can
85%
pain
85%
at
84%
hide
84%
there's
84%
yeah
84%
done,
83%
it's
83%
my
83%
2x blind,
81%
2x blind
81%
pretend
81%
way
81%
love
79%
other
79%
be
78%
let
78%
tell
78%
can't
77%
dark
77%
heart
77%
lie
76%
lie,
76%
define
74%
on
74%
take
74%
wanna
74%
find
73%
with
72%
said,
70%
someone
69%
mind,
68%
rather
68%
tried
68%
else
67%
hurts
67%
I'd
67%
you're
67%
'cause
66%
ever
66%
mean
66%
never
66%
one
66%
regret
66%
smile,
66%
times
65%
many
64%
hope
61%
was
59%
I've
57%
of
51%
loss
50%
ashamed
47%
oblivious
46%
would
41%
No matching quizzes found
Score Distribution
Percent of People with Each Score
Percentile by Number Answered
Your Score History
You have not taken this quiz